000 004320000a22001330004500
090 _aAR
_b04807
100 1 _aMintzer , Alex
_998966
700 1 _aQuiroz Robledo, Luis N.
_998967
700 1 _aDeloya, Cuauhtémoc
_998020
245 1 0 _aFoundation of colonies of Atta Mexicana (F. Smith) (Hymenoptera: Formicidae) in the laboratory
041 0 _aInglés
942 _cARTICULO
773 1 _tFolia entomologica mexicana
_h82
_q133-138
_d1991
999 _c13908
_d13908